• 首页
  • 本馆介绍
  • 公告通知
  • 最新文献
  • 馆藏检索
  • 电子资源
  • 读者导购
  • 参考咨询
  • 我的图书馆
  • 登录
  • 详细信息显示
  • 放入我的书架
  • 预约/预借图书
  • 作者相关作品
  • 分类相关作品
  • 丛书相关作品
  • 出版社相关作品

书目信息

  • 表格格式
  • 工作单格式
  • 卡片格式
题名:
民事既判力扩张问题研究
    
 
作者: 胡军辉 著
分册:  
出版信息: 北京   中国人民公安大学出版社  2011
页数: 180页
开本: 23cm
丛书名: 诉讼法学文库
单 册:
中图分类: D915.201
科图分类:
主题词: 民事诉讼法--法的理论--研究 , 民事诉讼法 , 法的理论
电子资源:
ISBN: 978-7-5653-0377-7
000 01285oam2 2200313 450
001 523
005 20140905103026.50
010    @a978-7-5653-0377-7@dCNY38.00
100    @a20110608d2011 em y0chiy50 ea
101 0  @achi@deng
102    @aCN@b110000
105    @ay z 000yy
106    @ar
200 1  @a民事既判力扩张问题研究@AMin Shi Ji Pan Li Kuo Zhang Wen Ti Yan Jiu@dOn the expansion of civil resjudicata@f胡军辉著@FHu Jun Hui Zhu@zeng
210    @a北京@c中国人民公安大学出版社@d2011
215    @a180页@d23cm
225 2  @a诉讼法学文库
300    @a法治建设与法学理论研究部级科研项目
308    @a文库2011(5)
312    @a本书从民事既判力扩张的内涵分析着手,论述了民事既判力主观范围、客观范围和效力范围三个不同方面的扩张问题。在理论上明确了我国既判力主观范围扩张的界限,为受既判力主观范围扩张影响的第三人设置了一套救济机制;提出了我国如何解决既判力客观范围扩张问题的方案;总结出了既判力扩张效力的运行原理,提出了既判力效力分离理论。
461  0 @12001 @a诉讼法学文库
510 1  @aOn the expansion of civil resjudicata@zeng
606 0  @a民事诉讼法@x法的理论@x研究
606 0  @a民事诉讼法
606 0  @a法的理论
690    @aD915.201@v5
701  0 @a胡军辉@AHu Jun Hui@f(1976~)@4著
801  0 @aCN@bTANGWEI@c20140603
905    @b0841250-52@dD915.201@e558@f3
    
    民事既判力扩张问题研究=On the expansion of civil resjudicata/胡军辉著.-北京:中国人民公安大学出版社,2011
    180页;23cm.-(诉讼法学文库)
    法治建设与法学理论研究部级科研项目
    
    ISBN 978-7-5653-0377-7:CNY38.00
    
●
相关链接 在E读中查询图书 在五车中查询图书 在当当中查询图书 在豆瓣中查询图书


正题名:民事既判力扩张问题研究     索取号:D915.201/558         预约/预借

序号 登录号 条形码 馆藏地/架位号 状态 备注
1 0841250   208412500   第一样本阅览室/ [索取号:D915.201/558] 在馆    
2 0841251   208412519   密集书库-史法系/ [索取号:D915.201/558] 在馆    
3 0841252   208412528   第一借阅区/ [索取号:D915.201/558] 在馆    
唐山师范学院图书馆 欢迎您!
大连网信软件有限公司© 版权所有